000 00574nam a2200193Ia 4500
003 GCL
008 140319s9999 xx 000 0 ara d
040 _aGCL /
_cGCL
082 0 4 _a400.1
_bم س
100 1 _aمحمد حسن عبدالعزيز
245 1 0 _aسوسير : رائد علم اللغة الحديث /
_cمحمد حسن عبدالعزيز
260 _a[S.N] :
_bدار الفكر العربى ،
_c1990
300 _a179 ص
490 _a
650 0 4 _aالعلم
650 0 4 _aاللغة العربية
650 0 4 _aعلم اللغة
942 _2ddc
_cBK
999 _c52847
_d52847